LEADER 01249nam a2200241 4500 001 000000356229 003 CaOOAMICUS 005 20231128143940.0 008 231128s1857 it 000 u ita r 040 $aSeMil$bita 100 1 $aLombroso, Giacomo.$0(OLS)http://semarc/name/12253 245 10$aSulla utilità e verità della religione cattolica :$bopuscoletto stampato coi tipi Agnelli sotto il velo dell'anonimo volgendo il 1825 /$cda Giacomo Lombroso. 250 $a2. ed. con aggiunte e coll'indice degli associati particolari alle sue opere 264 1$aMilano :$b presso la ditta libraria Volpato,$c[1857] 300 $a32, XIV p. ;$c22 cm 500 $aData desunta dalla prefazione 850 $aSeMil 852 $aSeMil$W1$xVenegono$y1$m5B IV 8/16$j244798$B247411$CSeMilBibl$Z2$F247411 $8I 961 $aRecupero da Biblioteca Seminario liceale - Monza 961 $aEtichetta della Biblioteca del Seminario liceale di Monza 996 $6245$aSulla utilità e verità della religione cattolica :$bopuscoletto stampato coi tipi Agnelli sotto il velo dell'anonimo volgendo il 1825$9(OLS)http://semarc/title/446487 996 $6264$aMilano :$b presso la ditta libraria Volpato$9(OLS)http://semarc/publisher/61397 LEADER 01539nam a2200313 i 4500 001 000000246484 003 CaOOAMICUS 005 20240118114502.0 008 160119s2015 it u000 u mul u 020 $a978-88-311-9098-5 040 $aSeMil$bita 240 10$aStoria dei Longobardi.$0(OLS)http://semarc/title/55203 245 10$a1 /$ca cura di Elisabetta Bottecchia Dehò. 264 1$aRoma :$bCittà Nuova,$c2015. 264 1$aAquileia :$bSocietà per la conservazione della Basilica di Aquileia,$c2015. 300 $a306 p. ;$c25 cm. 490 1 $aScrittori della Chiesa di Aquileia = Corpus Scriptorum Ecclesiae Aquileiensis ;$v9./1 500 $aFront. e testo anche in latino. 700 1 $aBottecchia Dehò, Elisabetta.$0(OLS)http://semarc/name/68164 773 0 $aPaulus : Diaconus $tOpere.$dGorizia : Società per la conservazione della Basilica di Aquileia, 2014-2015.$g1$w()31036 830 0$aScrittori della Chiesa di Aquileia ;$v9./1.$0(OLS)http://semarc/title/94033 850 $aSeMil 852 $aSeMil$W1$xVenegono$y1$mSL1.V II 29/1$j196830$B196830$CSeMilBibl$Z2$F207798 $8I 961 $aSottoscrizione: Città Nuova (Agente) 996 $6020$a978-88-311-9098-5$9(OLS)http://semarc/number/255443 996 $6245$a1$9(OLS)http://semarc/title/46247 996 $6264$aAquileia :$bSocietà per la conservazione della Basilica di Aquileia$9(OLS)http://semarc/publisher/34673 996 $6264$aRoma :$bCittà Nuova$9(OLS)http://semarc/publisher/29609